Đề xuất xây dựng giả pháp an ninh mạng Agribank
Vài nét về Ngân hàng nông nghiệp và phát triển nông thôn Việt Nam, cấu trúc mạng Agribank, các nguy cơ tiềm ẩn với hệ thống. Công nghệ và thiết bị bảo mật...
Сохранить в:
| Главный автор: | |
|---|---|
| Другие авторы: | |
| Формат: | |
| Язык: | Vietnamese |
| Опубликовано: |
Đà Nẵng
ĐH Sư Phạm
2011
|
| Серии: | Khóa luận tốt nghiệp. Chuyên ngành: Cử nhân CNTT
|
| Предметы: | |
| Метки: |
Добавить метку
Нет меток, Требуется 1-ая метка записи!
|
| Thư viện lưu trữ: | Mạng thư viện Đại học Đà Nẵng |
|---|
| LEADER | 01439nam a2200349 4500 | ||
|---|---|---|---|
| 001 | 000011564 | ||
| 003 | 7817 | ||
| 005 | 20120207080202.0 | ||
| 008 | 120207s2011 viesd | ||
| 041 | |a vie | ||
| 072 | |a Khóa luận tốt nghiệp | ||
| 082 | |a 005.8 |b NG-P | ||
| 100 | |a Nguyễn. Đỗ Công Pháp |e Tác giả | ||
| 245 | |a Đề xuất xây dựng giả pháp an ninh mạng Agribank |c Nguyễn. Đỗ Công Pháp | ||
| 260 | |a Đà Nẵng |b ĐH Sư Phạm |c 2011 | ||
| 300 | |a 41 tr |b Hình ảnh |c 29 cm | ||
| 490 | |a Khóa luận tốt nghiệp. Chuyên ngành: Cử nhân CNTT | ||
| 500 | |a Khoa Tin học | ||
| 520 | |a Vài nét về Ngân hàng nông nghiệp và phát triển nông thôn Việt Nam, cấu trúc mạng Agribank, các nguy cơ tiềm ẩn với hệ thống. Công nghệ và thiết bị bảo mật... | ||
| 653 | |a An ninh mạng | ||
| 653 | |a Agribank | ||
| 700 | |a Trần Uyên Trang |c ThS. |e Người hướng dẫn | ||
| OWN | |a LSP | ||
| AVA | |a UDN50 |b LSP |d 005.8 NG-P |e available |t Error 5001 Not defined in file expand_doc_bib_avail. |f 1 |g 0 |h N |i 0 |k 1 | ||
| 999 | |a From the UDN01 | ||
| AVA | |a UDN50 |b LSP |d 005.8 NG-P |e available |t Error 5001 Not defined in file expand_doc_bib_avail. |f 1 |g 0 |h N |i 0 |k 1 | ||
| TYP | |a Monograph | ||
| TYP | |a Printed language | ||
| 980 | |a Mạng thư viện Đại học Đà Nẵng | ||